000 00503nam a2200181Ia 4500
999 _c16802
_d16802
003 OSt
005 20200606120013.0
008 190216s9999||||xx |||||||||||||| ||und||
020 _a9788181662598
040 _cMESKC library
082 _a891.438
_bNAV/N
100 _aNaval, Harish
_9320
245 0 _aNirala Ki Gali Mein /
_c Harish Naval
260 _bMedha Books,
_c2012.
_aDelhi:
300 _a205p
650 _aHindi
942 _cBK
_2ddc
_h891.438
_iNAV/N
_k891.438
_mNAVIN